000 02026nam0a2200373 4500
001 RU\NLR\BIBL_A\022365225
005 20260406153407.0
010 _a978-5-96-76-0733-2
_91000
035 _a(NLR Aleph) 022365225
090 _a13262302
_c13262302
100 _a20241025d2015 |||y0rusy50 ca
101 2 _arus
102 _aRU
105 _ay z 000zy
181 0 _ai4
_baxxe
182 0 _an
200 1 _aИзбранные переводы
_eпоэзия. Драматургия. Проза
_fФедор Сологуб
_gиздание подготовила [составитель, автор вступительной статьи и комментария] А. Б. Стрельникова
_gредколлегия: О. Р. Демидова [и др.]
203 _aТекст
_bвизуальный
_cнепосредственный
210 _aСанкт-Петербург
_cПетрополис
_d2015
215 _a537 с.
_d21
225 1 _aКорифеи художественного перевода
_iПетербургская школа
320 _aБиблиогр.: с. 482–496
327 1 _aНа пер. содерж. авт. ориг.: Поль Верлен, Шарль Бодлер, Аоюр Рембо, Стефан Малларме, Морис Метерлинк, Франсуа-Мари Аруэ Вольтер, Оноре Де Бальзак, Теофиль Готье, Ги Де Мопассан, Оскар Уайльд [и др.]
686 2 _aШ6(2=Р)53-57
686 1 _aШ6(0)я43{Лх150}
700 1 _7ca
_8rus
_aСологуб
_bФ. К.
_f1863-1927
_gФедор Кузьмич
_9116304
_3RU\NLR\AUTH\776350
702 1 _aСтрельникова
_bА. Б.
_gАнна Борисовна
_4220
702 1 _4340
_7ca
_8rus
_aДемидова
_bО. Р.
_gОльга Ростиславовна
_9117436
_3RU\NLR\AUTH\777503
942 _cBOOK
980 _aNB